Mecánica vectorial para ingenieros: Estática
Salvato in:
| Autori principali: | , , |
|---|---|
| Natura: | Libro |
| Lingua: | spagnolo |
| Pubblicazione: |
Ciudad de México
McGraw-Hill
2013
|
| Edizione: | 10a. ed |
| Soggetti: | |
| Tags: |
Aggiungi Tag
Nessun Tag, puoi essere il primo ad aggiungerne!!
|
MARC
| LEADER | 00000cam a2200000 a 4500 | ||
|---|---|---|---|
| 001 | UCD7113 | ||
| 003 | CL-VaPUC | ||
| 005 | 20240723110427.0 | ||
| 008 | 170309e20130000mx |||||||||||||||||spa|d | ||
| 999 | |c 367225 |d 367223 | ||
| 020 | |a 9786071509253 | ||
| 040 | |c Pontificia Universidad Católica de Valparaíso | ||
| 082 | 0 | 4 | |a 620.1 |b BEE |2 21 |
| 100 | 0 | |a Beer, Ferdinand Pierre |e author |9 591027 | |
| 245 | 1 | 0 | |a Mecánica vectorial para ingenieros: Estática |
| 250 | |a 10a. ed | ||
| 260 | |a Ciudad de México |b McGraw-Hill |c 2013 | ||
| 300 | |a 489 p | ||
| 583 | |a last modification |c 20190731 12:00:55 |k Rodrigo Vera | ||
| 650 | 0 | |a Mecánica vectorial |2 CL-VaPUC |9 547488 |v Problemas y ejercicios | |
| 650 | 0 | |a Estática |9 260452 |x Ingeniería |v Problemas y ejercicios | |
| 650 | 0 | |a Análisis estructural |9 260661 |x Ingeniería |v Problemas de computadora (Matlab, Mathcad, Maple) | |
| 700 | 0 | |a Johnston, E. Russell |e author |9 591028 | |
| 700 | 0 | |a Mazurek, David F |e author |9 591029 | |
| 942 | |c BK |2 ddc | ||
| 945 | |d 20170309 22:28:00 |a dcastane | ||
| 952 | |0 0 |1 0 |2 ddc |3 erb |4 0 |6 620_100000000000000_BEE_2013 |7 0 |8 A |9 481976 |a BIBING |b BIBING |c RES |i 5364205 |l 11 |m 4 |o 620.1 BEE 2013 |p 5364205 |r 2025-04-24 |s 2025-04-10 |w 2019-11-24 |y BK |z Catalogado en:20170309 |k CIC | ||
| 952 | |0 0 |1 0 |2 ddc |3 erb |4 0 |6 620_100000000000000_BEE_2013 |7 0 |8 A |9 481977 |a BIBING |b BIBING |c RES |i 5364191 |l 19 |m 6 |o 620.1 BEE 2013 |p 5364191 |r 2025-04-22 |s 2025-04-11 |w 2019-11-24 |y BK |z Catalogado en:20170309 |k CIC | ||
| 952 | |0 0 |1 0 |2 ddc |3 erb |4 0 |6 620_100000000000000_BEE_2013 |7 0 |8 A |9 481978 |a BIBING |b BIBING |c RES |i 5364183 |l 8 |m 1 |o 620.1 BEE 2013 |p 5364183 |r 2025-04-21 |s 2025-04-11 |w 2019-11-24 |y BK |z Catalogado en:20170309 |k CIC | ||